El delito de abuso de informacin̤ privilegiada en el mercado de valores

Bibliographic Details
Main Author: Monroy Antn̤, Antonio J.
Format: Unknown
Language:Spanish
Published: Madrid : DIJUSA, 2006
Subjects:
Online Access:Acceso restringido

MARC

LEADER 00000ny a22000003n 4500
005 2011060801541.0
008 051102s2006 sp 000 0 spa d
020 |a 9788495748768 
035 |a 2550 
040 |a BUS  |d vLex 
090 |c 576  |d 576 
100 1 |a Monroy Antn̤, Antonio J. 
245 1 3 |a El delito de abuso de informacin̤ privilegiada en el mercado de valores  |h [Recurso electrn̤ico]  |c Antonio J. Monroy Antn̤ 
256 |a Servicio en ln̕ea 
260 |a Madrid :  |b DIJUSA,  |c 2006 
300 |a 175 p. ;  |c 24 cm 
506 1 |a Contenido solo disponible en los productos indicados  |d vLex Global  |d vLex Global (Academic Edition, excluding Law Schools)  |d vLex Global (U.S. Academic Edition, Law Schools)  |d vLex Global (U.S. Academic Edition, excluding Law Schools)  |d vLex Global (Academic Edition, Law Schools) 
650 0 7 |a Delito  |2 Tesauro vLex 
650 0 7 |a Penal  |2 Tesauro vLex 
650 0 7 |2 Tesauro vLex  |a Mercantil 
650 0 7 |2 Tesauro vLex  |a Tt̕ulos valor 
650 0 7 |2 Tesauro vLex  |a Utilizacin̤ de informacin̤ privilegiada 
650 0 7 |2 Tesauro vLex  |a Delitos contra el orden socioeconm̤ico 
650 0 7 |2 Tesauro vLex  |a Uso de informacin̤ sobre cotizacin̤ de valores 
740 0 |a vLex Libros (Servicios en ln̕ea) 
856 4 0 |z Acceso restringido  |u http://vlex.com/source/delito-abuso-informacion-privilegiada-mercado-valores-2550 
942 |c BOOK 
999 0 |a Criminal Law  |b Madrid